000
00298nam a2200133Ia 4500
005
20251222144917.0
008
251222s9999||||xx |||||||||||||| ||spa||
020
_a
84-376-1716-2
082
_a
888.6/P68P
100
_a
Plutarco
245
0
_a
Vidas Paralelas:
264
_b
Cátedra
942
_c
LIB
999
_c
22580
_d
22580